=LDR 00000nam 2200000 4500 =001 INLIS000000000017947 =990 ##$$a 20603493 =005 20200504011023 =990 ##$$a 20604656 =035 ##$$a 0010-061300000017947 =990 ##$$a 20603492 =008 200504################g##########0#ind## =082 ##$$a 2x3 =100 1#$$a Ma'asy, Abdur Razzaq =245 1#$$a Mengupas kebodohan /$c Abdur-Rozzaq Ma'asy ; penerjemah Asep Saefullah FM =260 ##$$a Jakarta :$b Pustaka Azzam,$c 2001 =300 ##$$a 283 hlm. ; $c 15,5x24 cm. =850 ##$$aNBPNMAT =084 ##$$a 2x3 MA'A m =650 #4$$a Aqidah =700 #$$a Asep Saefullah FM =990 ##$$a 20604656 =990 ##$$a 20603492 =990 ##$$a 04340434 =990 ##$$a 20603493 =990 ##$$a 20604656 =990 ##$$a 20603492